000 00407nam a2200157Ia 4500
005 20250407094031.0
008 231217s9999 xx 000 0 und d
020 _a9788178817019
082 _a338.521 MAN;3
100 _aMantravadi, Pramod M ed.
245 0 _aValue at risk : concepts and applications
260 _c2005
_bICFAI
_aHyderabad
300 _axv+183
650 _aValue,risk
942 _cAA
999 _c191812
_d191812